Normal view
MARC view
- The Renaissance and The Performation
Entry Topical Term
001 - CONTROL NUMBER
- control field: 108377
003 - CONTROL NUMBER IDENTIFIER
- control field: NUST
005 - DATE AND TIME OF LATEST TRANSACTION
- control field: 20230201130201.0
008 - FIXED-LENGTH DATA ELEMENTS
- fixed length control field: 230201|| aca||aabn | a|a d
040 ## - CATALOGING SOURCE
- Original cataloging agency: NUST
- Transcribing agency: NUST
150 ## - HEADING--TOPICAL TERM
- Topical term or geographic name entry element: The Renaissance and The Performation
670 ## - SOURCE DATA FOUND
- Source citation: Work cat.: (NUST)187083: Tanner 108376, The Renaissance and The Performation /, 1936
